| 000 | 00678nam a2200217 a 4500 | ||
|---|---|---|---|
| 001 | 62508 | ||
| 003 | BD-RjUL | ||
| 005 | 20211209081107.0 | ||
| 008 | 170124r19611940nyu b 000 0 eng | ||
| 035 | _a(BD-RjUL)62634 | ||
| 040 |
_aDLC _cOClU _dDLC _beng |
||
| 041 | _aeng | ||
| 082 |
_223 _a814.52 _bTRL 1961 |
||
| 100 | 1 |
_aTrilling, Lionel, _d1905-1975. _9185832 |
|
| 245 | 1 | 4 |
_aThe liberal imagination : _bessays on literature and society / _cby Lionel Trilling. |
| 260 |
_aNew York : _bViking Press, _c1950 [reprinted 1961] |
||
| 300 |
_axvi, 303 p. ; _c22 cm. |
||
| 504 | _a"Bibliographical note": p. xv-xvi. | ||
| 650 | 0 |
_aLiterature and society. _9185617 |
|
| 942 |
_2ddc _cBK |
||
| 999 |
_c62508 _d62508 |
||